Loading...

Global biodiversity /

Bibliographic Details
Other Authors: Rajiv K.Sinha
Format: Printed Book
Published: Jaipur: INA Shree, 2007.
Subjects:
LEADER 00596cam a2200205ua 4500
008 090713t2007||||||||||| 001 ||||| c
020 |a 81-86653-03-1 
082 |a 333.95  |b RAJ/G 
245 0 0 |a Global biodiversity /  
260 |a Jaipur:  |b INA Shree,  |c 2007. 
300 |a 396p.. 
362 1 |a 2007. 
365 |a Rs.800/-  |e hb 
500 |a Includes index. 
650 |a Biodiversity 
650 0 |a Economics 
700 0 2 |a Rajiv K.Sinha,  
942 |c BK 
999 |c 21413  |d 21413 
952 |0 0  |1 0  |4 0  |6 333_950000000000000_RAJ  |7 0  |9 22667  |a KUCL  |b KUCL  |d 2014-05-23  |l 0  |o 333.95 RAJ/  |p 21678  |r 2014-05-23  |w 2014-05-23  |y BK